AQA GCSE English Literature: Ozymandias - Statistics

General Stats
  • This quiz has been taken 65 times
  • The average score is 4 of 14
Answer Stats
No. Line % Correct
1 I met a traveller from an antique land
75%
10 "My name is Ozymandias, king of kings:
53%
11 Look on my works, ye Mighty, and despair!"
42%
2 Who said: Two vast and trunkless legs of stone
39%
3 Stand in the desert. Near them on the sand,
25%
8 The hand that mocked them and the heart that fed;
25%
7 Which yet survive, stamped on these lifeless things
22%
5 And wrinkled lip, and sneer of cold command
19%
4 Half sunk, a shattered visage lies, whose frown
19%
9 And on the pedestal these words appear:
17%
6 Tell that its sculptor well those passions read
17%
14 The lone and level sands stretch far away.
11%
12 Nothing beside remains. Round the decay
3%
13 Of that colossal wreck, boundless and bare,
0%
No matching quizzes found
Score Distribution
Percent of People with Each Score
Percentile by Number Answered
Your Score History
You have not taken this quiz